书目信息 |
| 题名: |
再生缘
|
|
| 作者: | 秦纪文 讲述 ;薛汕 整理 | |
| 分册: | 下册 | |
| 出版信息: | 北京 中国曲艺出版社 1981 |
|
| 页数: | 642页 | |
| 开本: | 19cm | |
| 丛书名: | ||
| 单 册: | ||
| 中图分类: | I239.1 | |
| 科图分类: | ||
| 主题词: | 弹词--中国--现代 , 戏剧文学--剧本--中国 | |
| 电子资源: | ||
| ISBN: | ||
| 000 | 00682nam0 2200253 45 | |
| 001 | 0181002148 | |
| 005 | 20060913085554.04 | |
| 010 | @dCNY3.00 | |
| 091 | @a10227.014 | |
| 100 | @a19950308d1981 em y0chiy0121 ea | |
| 101 | 0 | @achi |
| 102 | @aCN@b110000 | |
| 105 | @ay z 000by | |
| 200 | 10 | @a再生缘@h下册@Azai sheng yuan@f秦纪文讲述@g薛汕整理 |
| 210 | @a北京@c中国曲艺出版社@d1981 | |
| 215 | @a642页@d19cm | |
| 606 | @a弹词@y中国@z现代 | |
| 606 | 0 | @a戏剧文学@x剧本@x中国 |
| 690 | @aI239.1 | |
| 701 | 0 | @a秦纪文@Aqin ji wen@4讲述 |
| 702 | 0 | @a薛汕@Axue shan@4整理 |
| 801 | 2 | @aCN@bNLC@c20060913 |
| 801 | 0 | @aCN@b上海图书馆@c20040415 |
| 905 | @f1@b58467@dI239.1@e16:2 | |
| 再生缘.下册/秦纪文讲述/薛汕整理.-北京:中国曲艺出版社,1981 |
| 642页;19cm |
| ISBN :CNY3.00 |
| ● |
| 相关链接 |
|
|
|
|
正题名:再生缘
索取号:I239.1/16:2
 
预约/预借
| 序号 | 登录号 | 条形码 | 馆藏地/架位号 | 状态 | 备注 |
| 1 | 0058464 | 000960534 | 第二借阅区/ [索取号:I239.1/16:2] | 在馆 | |
| 2 | 0058465 | 202138873 | 第二借阅区/ [索取号:I239.1/16:2] | 在馆 | |
| 3 | 0058466 | 001631808 | 密集书库/ [索取号:I239.1/16:2] | 在馆 | |
| 4 | 0058467 | 000960491 | 第二借阅区/ [索取号:I239.1/16:2] | 在馆 | |
| 5 | 0058468 | 001649078 | 第二借阅区/ [索取号:I239.1/16:2] | 在馆 | |
| 6 | 0227737 | 000960507 | 第一样本阅览室/ [索取号:I239.1/16:2] | 在馆 | |
| 7 | 0475103 | 204751036 | 密集书库/ [索取号:I239.1/16:2] | 在馆 |